000 00594nam a2200229Ia 4500
003 OSt
005 20221006164353.0
006 a|||||r|||| 00| 0
007 ta
008 221006b |||||||| |||| 00| 0 eng d
024 _a1,427
037 _cTextual
040 _aFML
_cFML
_beng
041 _2eng
_aeng
082 _aQ2:21, [K7]
100 _aMackenzie Donald A Au.
_9677285
245 0 _aIndian Myth and Legand
260 _aLondon
_bGresham
_c1967
300 _a463
_ccm.
942 _hQ2:21, [K7]
_cTEXL
_2CC
999 _c1117026
_d1117026